Zahraničný obchod Slovenskej republiky za január až marec 1996
Guardado en:
| Formato: | Libro |
|---|---|
| Lenguaje: | eslovaco inglés |
| Publicado: |
Bratislava
Štatistický úrad Slovenskej republiky
1996
|
| Colección: | Štatistické čísla a grafy
|
| Etiquetas: |
Sin Etiquetas, Sea el primero en etiquetar este registro!
|
MARC
| LEADER | 00000nam a2200000 4500 | ||
|---|---|---|---|
| 001 | c016891 | ||
| 005 | 20260205082050.0 | ||
| 041 | 0 | |a slo | |
| 041 | 0 | |a eng | |
| 044 | |a SK | ||
| 245 | 1 | 0 | |a Zahraničný obchod Slovenskej republiky za január až marec 1996 |
| 264 | 1 | |a Bratislava |b Štatistický úrad Slovenskej republiky |c 1996 | |
| 300 | |a 27 s. | ||
| 490 | 1 | |a Štatistické čísla a grafy | |
| 830 | 0 | |a Štatistické čísla a grafy | |